Sociolinguistic Style (Record no. 85104)

MARC details
000 -LEADER
fixed length control field 00731nam a22002657a 4500
003 - CONTROL NUMBER IDENTIFIER
control field URS
005 - DATE AND TIME OF LATEST TRANSACTION
control field 20250828100517.0
008 - FIXED-LENGTH DATA ELEMENTS--GENERAL INFORMATION
fixed length control field 250324b ||||| |||| 00| 0 eng d
020 ## - INTERNATIONAL STANDARD BOOK NUMBER
International Standard Book Number 9781118737644
040 ## - CATALOGING SOURCE
Transcribing agency URS
050 ## - LIBRARY OF CONGRESS CALL NUMBER
Classification number P301.S63
Item number .H47 2016
100 ## - MAIN ENTRY--PERSONAL NAME
9 (RLIN) 11507
Personal name Campoy, Hernandez
245 ## - TITLE STATEMENT
Title Sociolinguistic Style
264 ## - PRODUCTION, PUBLICATION, DISTRIBUTION, MANUFACTURE, AND COPYRIGHT NOTICE
Date of production, publication, distribution, manufacture, or copyright notice ©2016
300 ## - PHYSICAL DESCRIPTION
Extent 228 pages.,:
Dimensions 21 cm.
336 ## - CONTENT TYPE
Source rdacontent
Content type term text
337 ## - MEDIA TYPE
Source rdamedia
Media type term unmediated
338 ## - CARRIER TYPE
Source rdacarrier
Carrier type term volume
650 #0 - SUBJECT ADDED ENTRY--TOPICAL TERM
9 (RLIN) 11508
Topical term or geographic name entry element Rhetoric
General subdivision Social Aspects
650 #0 - SUBJECT ADDED ENTRY--TOPICAL TERM
9 (RLIN) 11509
Topical term or geographic name entry element Discourse Analysis
General subdivision Social Aspects.
650 #0 - SUBJECT ADDED ENTRY--TOPICAL TERM
9 (RLIN) 11510
Topical term or geographic name entry element Language and Logic
650 #0 - SUBJECT ADDED ENTRY--TOPICAL TERM
9 (RLIN) 2761
Topical term or geographic name entry element Sociolinguistics
700 ## - ADDED ENTRY--PERSONAL NAME
9 (RLIN) 11511
Personal name Manuel, Juan
942 ## - ADDED ENTRY ELEMENTS (KOHA)
Source of classification or shelving scheme Library of Congress Classification
Koha item type Reserved Books
Holdings
Withdrawn status Source of classification or shelving scheme Damaged status Not for loan Collection code Home library Current library Date acquired Total Checkouts Full call number Barcode Date last seen Price effective from Koha item type
  Library of Congress Classification     Non-fiction Morong Graduate Library Morong Graduate Library 03/24/2025   P301.S63 .H47 2016 URSMOR-GL-5683 03/24/2025 03/24/2025 Reserved Books

University of Rizal System
Email us at univlibservices@urs.edu.ph

Visit our Website www.urs.edu.ph/library